000 00451nam a2200181Ia 4500
001 1900
005 20260306143802.0
008 260306t2009||||xx |||||||||||||| ||spa||
041 _aESP
082 _a158.1
_bG52
100 _aGladwell, Malcolm
_eAUT
245 0 _aFueras de serie:
_bpor qué unas personas tienen éxito y otras no
260 _c2009
300 _a326 páginas :
_c
650 _aGEN
654 _aCPS
942 _cLIB
_dJUS
_fJUS
_2ddc
_n
999 _c1900
_d1900